000 00803nam a2200229Ia 4500
003 GCL
008 140319s9999 xx 000 0 ara d
020 _a2267305977
040 _aGCL /
_cGCL
082 0 4 _a791.43
_bن ن
100 1 _aنعمة الله حسين
245 1 0 _aنادية لطفى زهرة الصعيد البرية /
_cنعمة الله حسين
250 _aالاولى
260 _aالقاهرة :
_bوزارة الثقافة - صندوق التنمية الثقافية ،
_c2002
300 _a124سم ؛
_c20سم
650 0 4 _aالسينما
650 0 4 _aالسينما - تراجم
650 0 4 _aالممثلون والممثلات المصريون
650 0 4 _aالممثلون والممثلات فى الفن
650 0 4 _aنادية لطفى
942 _2ddc
_cBK
999 _c7798
_d7798